| 000 | 00725cab a22001935a 4500 | ||
|---|---|---|---|
| 001 | 147095 | ||
| 008 | 090331e20090327xxkdo f 000 0 eng d | ||
| 035 | _a(Sirsi) u147095 | ||
| 041 | 0 | _aeng | |
| 100 | 1 | _aStewart, Dan | |
| 245 | 0 | 0 | _aNew dawn fades? |
| 260 | _c2009 | ||
| 490 |
_aBuilding Magazine _v274 (8572) 27 March 2009, 38-45 (8) |
||
| 520 | _aPresents BAA's development plans, which include a third runway, a sixth terminal and refurbishment work at Heathrow. Analyses the views of persons for and against Heathrow's third runway. | ||
| 590 | _aKA | ||
| 651 | 4 |
_aUnited Kingdom _y |
|
| 690 | _aPROPERTY-INFRASTRUCTURE-TRANSPORT INFRASTRUCTURE-AIR TRANSPORT INFRASTRUCTURE-AIR TRANSPORT FACILITIES | ||
| 942 | _n0 | ||
| 999 |
_c81380 _d81380 |
||